[Event "Euskadi-chTA"]
[Site "Euskadi"]
[Date "2001.02.10"]
[Round "9"]
[White "Garrido Legarreta, Jose Javier"]
[Black "Knoerr Jarillo, Jose"]
[Result "1/2-1/2"]
[WhiteElo "2145"]
[BlackElo "2244"]
[PlyCount "111"]
[EventDate "2000.11.18"]
[EventType "team-tourn"]
[EventRounds "9"]
[EventCountry "ESP"]
[SourceTitle "EXT 2006"]
[Source "ChessBase"]
[SourceDate "2005.11.24"]
[SourceVersion "1"]
[SourceVersionDate "2005.11.24"]
[SourceQuality "1"]

1. d4 Nf6 2. c4 e6 3. Nc3 Bb4 4. e3 0-0 5. Nge2 Re8 6. a3 Bf8 7. Nf4 d5 8. cxd5 exd5 9. Bd3 c6 10. 0-0 Na6 11. b4 Nc7 12. Bb2 g6 13. Rc1 Ne6 14. Nxe6 Bxe6 15. b5 Bd6 16. bxc6 bxc6 17. h3 Rb8 18. Na4 Bd7 19. Rc2 Ne4 20. Bxe4 Rxe4 21. Nc5 Re8 22. Bc3 Bf5 23. Rc1 Qh4 24. Qf3 h5 25. Rfd1 Qg5 26. Bb4 Rb5 27. Qe2 Bxh3 28. f4 Qg4 29. Qxg4 Bxg4 30. Re1 a5 31. Bd2 Bxc5 32. Rxc5 Rxc5 33. dxc5 a4 34. Bc3 Bf5 35. Be5 Re7 36. Re2 Bd3 37. Rb2 Bb5 38. Kf2 Re6 39. Rb1 f6 40. Bd4 Kf7 41. Rb2 g5 42. fxg5 fxg5 43. Kg1 Kg6 44. Rf2 h4 45. Rf8 g4 46. Rf4 Kg5 47. Rf7 Bd3 48. Rf4 Be4 49. Rf8 h3 50. gxh3 gxh3 51. Kh2 Bf5 52. Ra8 Rg6 53. Be5 Kh4 54. Rh8+ Kg4 55. Rxh3 Be4 56. Rg3+ 1/2-1/2

[Event "Euskadi-chTA"]
[Site "Euskadi"]
[Date "2001.01.13"]
[Round "5"]
[White "Knoerr Jarillo, Jose"]
[Black "Alonso, Ismael"]
[Result "1/2-1/2"]
[WhiteElo "2244"]
[BlackElo "2251"]
[PlyCount "136"]
[EventDate "2000.11.18"]
[EventType "team-tourn"]
[EventRounds "9"]
[EventCountry "ESP"]
[SourceTitle "EXT 2006"]
[Source "ChessBase"]
[SourceDate "2005.11.24"]
[SourceVersion "1"]
[SourceVersionDate "2005.11.24"]
[SourceQuality "1"]

1. e4 g6 2. d4 Bg7 3. Nc3 d6 4. Nf3 Bg4 5. Be3 Nc6 6. Bb5 Bd7 7. Qd2 a6 8. Be2 e5 9. Rd1 Bg4 10. dxe5 dxe5 11. Qc1 Qc8 12. Nd5 Nce7 13. h3 Nxd5 14. exd5 Bxf3 15. Bxf3 Qd7 16. 0-0 Ne7 17. b3 h5 18. Bc5 Nf5 19. Qa3 Nd6 20. Rfe1 0-0 21. c4 Rac8 22. Bb4 a5 23. Bc3 e4 24. Bxg7 exf3 25. Qb2 Nf5 26. Bf6 fxg2 27. Kxg2 Rfe8 28. Qc3 Kh7 29. Rxe8 Rxe8 30. Re1 Nd6 31. Rxe8 Nxe8 32. Bd4 Qf5 33. Qe3 Qd7 34. Qe5 f6 35. Qe4 Nd6 36. Qf4 Ne8 37. Bxf6 c6 38. Bc3 cxd5 39. Qe5 Qg7 40. Qxg7+ Nxg7 41. cxd5 a4 42. d6 Ne6 43. Bf6 Nc5 44. Kf3 axb3 45. axb3 Kg8 46. b4 Nd7 47. Be7 Kf7 48. Kf4 Nb6 49. Ke5 Nd7+ 50. Kf4 Nb6 51. Kg5 Nd5 52. Bd8 Ke6 53. h4 Kxd6 54. Kxg6 Ke6 55. b5 Nf4+ 56. Kg5 Nh3+ 57. Kxh5 Nxf2 58. Kg5 Nh3+ 59. Kg4 Nf2+ 60. Kf3 Nd1 61. Ba5 Nb2 62. Bc3 Nc4 63. h5 Kf5 64. Bb4 Nb6 65. Bd2 Nd5 66. Ke2 Nc7 67. b6 Nd5 68. Be3 Nxb6 1/2-1/2